Statistics for First Countries by First Capital A-Z

Click here to take the quiz!

General Stats

  • This quiz has been taken 215 times
  • The average score is 6 of 16

Answer Stats

Country% Correct
UUnited Arab Emirates
63%
AAfghanistan
59%
VVietnam
49%
IIraq
47%
EEgypt
43%
KKenya
37%
PPakistan
36%
FFed States Micronesia
34%
GGabon
31%
BBotswana
27%
NNorway
27%
CCroatia
25%
LLiechtenstein
25%
SSenegal
23%
TTaiwan
23%
MMorocco
18%

Score Distribution

Percentile by Number Answered

Percent of People with Each Score

Your Score History

You have not taken this quiz